000 00696nam a2200241Ia 4500
003 OSt
005 20220925235357.0
006 a|||||r|||| 00| 0
007 ta
008 220923b |||||||| |||| 00| 0 eng d
037 _cGeneral Book
040 _aRTL
_cRTL
_beng
041 _2eng
_aeng
082 _aX7295.2g, M5.1/GD
110 _aIndia, Customs and Dentral Excise (D/O)
_9301255
245 0 _aCentral Excise Mannual
250 _a12
260 _a New Delhi
_bCustoms and Central Excise
_c1985
300 _a413 p
_ccm.
700 _aIndia, Customs and Dentral Excise (D/O)
_9301256
942 _hX7295.2g, M5.1/GD
_cGB
_2CC
999 _c597271
_d597271